Teorías del aprendizaje: revisión de las corrientes actuales

Gorde:
Xehetasun bibliografikoak
Egile nagusia: Arancibia C., Violeta (Egilea)
Formatua: Liburua
Hizkuntza:gaztelania
Argitaratua: Santiago CIDE 1990
Edizioa:1a. ed
Saila:Investigación para la acción. Estrategias capacitación
Gaiak:
Etiketak: Etiketa erantsi
Etiketarik gabe, Izan zaitez lehena erregistro honi etiketa jartzen!

MARC

LEADER 00000nam a2200000 a 4500
001 UCW7161
003 CL-VaPUC
008 920910e19900000CL |||||||||||||||||spa|d
082 0 4 |a 370.194  |b ARA  |2 21 
100 0 |a Arancibia C., Violeta  |e author  |9 312290 
245 1 0 |a Teorías del aprendizaje: revisión de las corrientes actuales 
250 |a 1a. ed 
300 |a 74 p 
942 |c BK 
945 |d 19920910 00:00:00 
260 |a Santiago  |b CIDE  |c 1990 
650 0 |a Educación popular  |9 308964 
651 7 |a CHILE  |2 CL-VaPUC  |9 312291 
583 |a last modification  |c 19920910 00:00:00  |k Rodrigo Vera 
490 0 |a Investigación para la acción. Estrategias capacitación 
999 |c 220016  |d 220014 
952 |0 0  |1 0  |4 0  |6 370_194000000000000_ARA_1990  |7 0  |8 A  |9 211734  |a BIBEDU  |b BIBEDU  |d 2019-11-15  |i 2798743  |o 370.194 ARA 1990  |p 2798743  |r 2019-11-15  |w 2019-11-15  |y BK  |k EDU 
952 |0 0  |1 0  |4 0  |6 370_194000000000000_ARA_1990  |7 0  |8 A  |9 211735  |a BIBEDU  |b BIBEDU  |d 2019-11-15  |i 4594606  |o 370.194 ARA 1990  |p 4594606  |r 2019-11-15  |w 2019-11-15  |y BK  |k BME